Inside the Pakistan Army : (Record no. 16493)

MARC details
000 -LEADER
fixed length control field 02567cam a22002057a 4500
020 ## - INTERNATIONAL STANDARD BOOK NUMBER
ISBN 9781906447021
020 ## - INTERNATIONAL STANDARD BOOK NUMBER
ISBN 1906447020
082 04 - DEWEY DECIMAL CLASSIFICATION NUMBER
Classification number 355/.0095491SCH
100 1# - MAIN ENTRY--AUTHOR NAME
Personal name Schofield, Carey.
245 10 - TITLE STATEMENT
Title Inside the Pakistan Army :
260 ## - PUBLICATION, DISTRIBUTION, ETC. (IMPRINT)
Place of publication London :
Name of publisher Biteback Pub.,
Year of publication 2011.
300 ## - PHYSICAL DESCRIPTION
Number of Pages 232 p., [8] p. of plates :
Other physical details ill., maps ;
500 ## - GENERAL NOTE
General note Includes index.
505 0# - FORMATTED CONTENTS NOTE
Formatted contents note The question of the Pakistan Army -- The place of the Army in Pakistan -- How the Pakistan Army got to be where it is today -- Fauji life -- Inside the ISI -- General Musharraf -- Tackling the militants -- The war goes on -- The death of Faisal Alavi -- Conclusion -- Appendix 1: Operation Nepal and the men of steel -- Appendix 2: Armoured regiments of the Pakistan Army -- Appendix 3: Pakistan Army Corps.
520 ## - SUMMARY, ETC.
Summary, etc "The Pakistan Army is at the forefront of the West's war on terror, policing the border with Afghanistan and the lawless tribal agencies where Osama bin Laden is said to be hiding. Since October 2009 more than 30,000 troops have been mounting a huge offensive to crush the insurgents of the Taliban. More recently, hundreds have died in suicide attacks across the country as the Islamists have brought their war against the pro-Western Government to the country's cities. The success or failure of the Pakistan Army in this and similar offensives is now seen as critical to the West's hopes of halting the spread of Islamist extremism outside of what the Americans call AfPak, the theatre of operations which is occupying Britain, the US and their allies. If the Pakistan Army fails to stamp out the Taliban insurgency, it could become unstoppable, with the drastic spread of global terrorism. The army itself is full of apparent contradictions. Its officers may have the clipped voices and moustaches of their British predecessors but they are not immune to the anti-Western passions prevalent in Pakistan. So are they reliable allies in the war on terror? No other writer--Pakistani or foreign--can answer this critical question more clearly than Schofield. No other writer knows these men better. For five years, Carey Schofield travelled everywhere with them, so close they even had a uniform made for her. Inside the Pakistan Army is the truth about all of these men and their vital role in the war on terror."--Publisher's description.
650 #0 - SUBJECT ADDED ENTRY--TOPICAL TERM
Topical Term War on Terrorism, 2001-2009.
856 42 - ELECTRONIC LOCATION AND ACCESS
Uniform Resource Identifier http://www.loc.gov/catdir/enhancements/fy1206/2011508781-b.html
856 42 - ELECTRONIC LOCATION AND ACCESS
Uniform Resource Identifier http://www.loc.gov/catdir/enhancements/fy1206/2011508781-d.html
942 ## - ADDED ENTRY ELEMENTS (KOHA)
Koha item type Books
Holdings
Withdrawn status Lost status Home library Current library Date acquired Cost, normal purchase price Full call number Accession Number Koha item type
    Central Library, QUEST, Nawabshah Central Library, QUEST, Nawabshah 14/07/2016 3761.00 355/.0095491SCH 54089 Books